Cuentos bajo la lluvia

Guardado en:
Bibliografiske detaljer
Hovedforfatter: Voloj Pereira, Juan Carlos
Format: Bog
Sprog:Undetermined
Udgivet: Panamá, Panamá Lapataa 1996
Udgivelse:2
Fag:
Tags: Tilføj Tag
Ingen Tags, Vær først til at tagge denne postø!

MARC

LEADER 00000nam a2200000Ia 4500
008 170316s9999 xx 000 0 und d
040 |a cru BVZT 
090 |a 860 V-17c 
100 |a Voloj Pereira, Juan Carlos 
245 |a Cuentos bajo la lluvia 
250 |a 2 
260 |a Panamá, Panamá 
260 |b Lapataa 
260 |c 1996 
300 |a 277 páginas 
650 |a LITERATURA LATINOAMERICANA 
999 |c 9305  |d 9305 
942 |c 15 D  |h 860 V-17c  |2 z